ENGINEERING ECONOMICS OF LIFE CYCLE COST ANALYSIS / (Record no. 589326)

000 -LEADER
fixed length control field 00344nam a22001337a 4500
020 ## - INTERNATIONAL STANDARD BOOK NUMBER
Qualifying information HB.
040 ## - CATALOGING SOURCE
Transcribing agency FIZZA ISHAQ
082 ## - DEWEY DECIMAL CLASSIFICATION NUMBER
Classification number 620.00681
Author Mark JOH
100 ## - MAIN ENTRY--PERSONAL NAME
Personal name FARR,VAIL JOHN.
9 (RLIN) 91171
245 ## - TITLE STATEMENT
Title ENGINEERING ECONOMICS OF LIFE CYCLE COST ANALYSIS /
Statement of responsibility, etc. JOHN VAIL FARR.
260 ## - PUBLICATION, DISTRIBUTION, ETC.
Place of publication, distribution, etc. CRC PRESS ;
Date of publication, distribution, etc. 2019.
300 ## - PHYSICAL DESCRIPTION
Extent 356 P. ;
942 ## - ADDED ENTRY ELEMENTS (KOHA)
Source of classification or shelving scheme
Koha item type Book
Holdings
Withdrawn status Lost status Source of classification or shelving scheme Damaged status Not for loan Permanent Location Current Location Date acquired Total Checkouts Full call number Barcode Checked out Date last seen Date last checked out Price effective from Koha item type
          NUST Baluchistan Campus (NBC) NUST Baluchistan Campus (NBC) 04/22/2022 1 620.00681 JOH Q-3023 04/03/2026 03/04/2026 03/04/2026 04/22/2022 Book
© 2023 Central Library, National University of Sciences and Technology. All Rights Reserved.